| 000 | 00638nmc a2200253 a 4500 | ||
|---|---|---|---|
| 003 | AR-BaBNM | ||
| 005 | 20251128204652.0 | ||
| 008 | 157019s1991 ||||||||||||||000 | spa|| | ||
| 020 | _a84-372-3745-9 | ||
| 040 | _cAR-BaBNM | ||
| 100 | 1 | _aJames, Simon | |
| 245 | 1 | 0 | _aLa antigua Roma |
| 250 | _a1ª ed. | ||
| 260 |
_aMadrid _bAltea _c1991 |
||
| 300 | 0 |
_a64 p. _bil., mapas |
|
| 490 | 0 | _aBiblioteca visual Altea | |
| 500 | 0 | _aIndice e iconografía al final del texto | |
| 650 | 4 | _aENSENANZA DE LA HISTORIA | |
| 650 | 4 | _aCOSTUMBRES Y TRADICIONES | |
| 650 | 4 | _aVIDA FAMILIAR | |
| 651 | 4 | _aRoma | |
| 942 | _cBK | ||
| 998 | _cCarmen | ||
| 999 |
_c8317 _d8317 |
||